<?xml version="1.0" encoding="UTF-8"?><?xml-stylesheet type="text/xsl" href="static/style.xsl"?><OAI-PMH xmlns="http://www.openarchives.org/OAI/2.0/" xmlns:xsi="http://www.w3.org/2001/XMLSchema-instance" xsi:schemaLocation="http://www.openarchives.org/OAI/2.0/ http://www.openarchives.org/OAI/2.0/OAI-PMH.xsd"><responseDate>2026-06-02T12:04:32Z</responseDate><request verb="GetRecord" identifier="oai:riuma.uma.es:10630/38636" metadataPrefix="marc">https://riuma.uma.es/rest/oai/request</request><GetRecord><record><header><identifier>oai:riuma.uma.es:10630/38636</identifier><datestamp>2026-02-03T11:28:08Z</datestamp><setSpec>com_10630_2254</setSpec><setSpec>col_10630_37953</setSpec></header><metadata><record xmlns="http://www.loc.gov/MARC21/slim" xmlns:dcterms="http://purl.org/dc/terms/" xmlns:doc="http://www.lyncode.com/xoai" xmlns:xsi="http://www.w3.org/2001/XMLSchema-instance" xsi:schemaLocation="http://www.loc.gov/MARC21/slim http://www.loc.gov/standards/marcxml/schema/MARC21slim.xsd">
   <leader>00925njm 22002777a 4500</leader>
   <datafield ind2=" " ind1=" " tag="042">
      <subfield code="a">dc</subfield>
   </datafield>
   <datafield ind2=" " ind1=" " tag="720">
      <subfield code="a">García-Conde, Úrsula</subfield>
      <subfield code="e">author</subfield>
   </datafield>
   <datafield ind2=" " ind1=" " tag="720">
      <subfield code="a">Navarro-Alarcón, Miguel</subfield>
      <subfield code="e">author</subfield>
   </datafield>
   <datafield ind2=" " ind1=" " tag="720">
      <subfield code="a">Navajas Porras, Beatriz</subfield>
      <subfield code="e">author</subfield>
   </datafield>
   <datafield ind2=" " ind1=" " tag="720">
      <subfield code="a">Hinojosa-Nogueira, Daniel</subfield>
      <subfield code="e">author</subfield>
   </datafield>
   <datafield ind2=" " ind1=" " tag="720">
      <subfield code="a">Delgado-Osorio, Adriana</subfield>
      <subfield code="e">author</subfield>
   </datafield>
   <datafield ind2=" " ind1=" " tag="720">
      <subfield code="a">Pérez-Burillo, Sergio</subfield>
      <subfield code="e">author</subfield>
   </datafield>
   <datafield ind2=" " ind1=" " tag="720">
      <subfield code="a">Pastoriza, Silvia</subfield>
      <subfield code="e">author</subfield>
   </datafield>
   <datafield ind2=" " ind1=" " tag="720">
      <subfield code="a">Navarro-Moreno, Miguel</subfield>
      <subfield code="e">author</subfield>
   </datafield>
   <datafield ind2=" " ind1=" " tag="720">
      <subfield code="a">Rufián-Henares, José Ángel</subfield>
      <subfield code="e">author</subfield>
   </datafield>
   <datafield ind2=" " ind1=" " tag="260">
      <subfield code="c">2023-05-16</subfield>
   </datafield>
   <datafield ind2=" " ind1=" " tag="520">
      <subfield code="a">The healthy status of human beings is associated with an appropriate nutritional status in Zn, which must firstly be bioavailable. We measured the total Zn amount and its bioaccesibility in raw foods and after cooking by common culinary techniques. These foods were submitted to an in vitro digestion and fermentation with faecal inocula from healthy adults and children to evaluate Zn bioaccesibility in the small and large intestine. Mean total Zn amount provided by foods was 8.080 μg/g. Zn amount released from food in the small intestine was significantly different among several food groups and lower in raw vegetal foods compared to cooked ones (frying, roasting and grilling; p &lt; 0.05); the same behaviour was found in the large intestine for healthy children. Zn bioaccesibility in the large intestine varied statistically according to the subjects’ idiosyncrasies, and was higher in healthy children (p &lt; 0.05) probably due to growth demands and different composition of the colonic microbiota. In healthy adults and children, the bioaccesible fractions were 33.0 ± 20.4 % for the small intestine, 16.4 ± 22.0 and 59.6 ± 29.9% for the large one, and the non-bioaccessible ones 50.6 ± 19.9 and 7.4 ± 9.1%, respectively.</subfield>
   </datafield>
   <datafield ind1="8" ind2=" " tag="024">
      <subfield code="a">García-Conde Ú, Navarro-Alarcón M, Navajas-Porras B, Hinojosa-Nogueira D, Delgado-Osorio A, Pérez-Burillo S, et al. Total Zn of foods and bioaccesible fractions in the small and large intestine after in vitro digestion and fermentation with fecal material of healthy adults and children: Influence of culinary techniques. Food Research International. 2023;169:112817.</subfield>
   </datafield>
   <datafield ind1="8" ind2=" " tag="024">
      <subfield code="a">https://hdl.handle.net/10630/38636</subfield>
   </datafield>
   <datafield ind1="8" ind2=" " tag="024">
      <subfield code="a">10.1016/j.foodres.2023.112817</subfield>
   </datafield>
   <datafield tag="653" ind2=" " ind1=" ">
      <subfield code="a">Flora intestinal - Investigación</subfield>
   </datafield>
   <datafield tag="653" ind2=" " ind1=" ">
      <subfield code="a">Cinc</subfield>
   </datafield>
   <datafield ind2="0" ind1="0" tag="245">
      <subfield code="a">Total Zn of foods and bioaccesible fractions in the small and large intestine after in vitro digestion and fermentation with fecal material of healthy adults and children: Influence of culinary techniques</subfield>
   </datafield>
</record>
</metadata></record></GetRecord></OAI-PMH>